Hodnotenie trhového postavenia podniku v procese jeho ohodnotenia diplomová práca

Enregistré dans:
Détails bibliographiques
Auteur principal: Repčák, Slavomír
Collectivité auteur: Fakulta podnikového manažmentu EU. Katedra podnikovohospodárska
Autres auteurs: Jakubec, Miroslav
Format: Livre
Langue:slovaque
Publié: Bratislava 2013
Tags: Ajouter un tag
Pas de tags, Soyez le premier à ajouter un tag!

MARC

LEADER 00000nbm a2200000 4500
001 0170944
005 20161109102420.3
041 0 |a slo 
044 |a SK 
245 1 0 |a Hodnotenie trhového postavenia podniku v procese jeho ohodnotenia  |b diplomová práca  |c Slavomír Repčák ; školiteľ: Miroslav Jakubec 
264 1 |a Bratislava  |c 2013 
300 |a 76 s. 
100 1 |a Repčák, Slavomír 
700 1 |a Jakubec, Miroslav 
710 2 |a Fakulta podnikového manažmentu EU. Katedra podnikovohospodárska